[Event "BAN-ch U20"]
[Site "Dhaka"]
[Date "2022.02.22"]
[Round "8"]
[White "SM Abir, Hossain"]
[Black "Shadat, Kibria Ayaan"]
[Result "0-1"]
[WhiteElo "1331"]
[BlackElo "1679"]
[PlyCount "100"]
[EventDate "2022.02.15"]
[EventType "swiss"]
[EventRounds "9"]
[EventCountry "BAN"]
[SourceTitle "CBM 207 Extra"]
[Source "ChessBase"]
[SourceDate "2022.05.31"]
[SourceVersion "1"]
[SourceVersionDate "2022.05.31"]
[SourceQuality "1"]

1. c4 e5 2. Nc3 Nf6 3. g3 Nc6 4. Bg2 Bc5 5. e3 0-0 6. Nge2 d6 7. d4 exd4 8. exd4 Bb6 9. a3 Re8 10. 0-0 h6 11. Na4 Qe7 12. Nxb6 axb6 13. Nc3 Bf5 14. Bd2 Qd7 15. d5 Ne5 16. f4 Nxc4 17. Qc1 Nxd2 18. Qxd2 c6 19. Rac1 b5 20. dxc6 bxc6 21. Rfd1 d5 22. Na2 Re6 23. Nb4 Ne4 24. Bxe4 Bxe4 25. Qd4 Rd8 26. Na6 Rd6 27. Nc5 Qe7 28. Qe5 Qa7 29. Kf1 f6 30. Qd4 Kf7 31. Qb4 Bf5 32. Qd4 Bh3+ 33. Kg1 Re8 34. Nb3 Qe7 35. Rd2 Re6 36. Qf2 Qd7 37. Nc5 Qd6 38. Nxe6 Qxe6 39. Rdd1 Ra8 40. Re1 Qd7 41. Qc5 Re8 42. Qxc6 Rxe1+ 43. Kf2 Qxc6 44. Rxc6 Rb1 45. Rc5 Rxb2+ 46. Ke3 Bg2 47. Rc7+ Kg8 48. f5 Rb3+ 49. Kf4 Rxa3 50. Kg4 Bf3+ 0-1

[Event "Asian Academies Hybrid Chess-ch"]
[Site "Tornelo INT"]
[Date "2021.11.22"]
[Round "2.3"]
[White "Shadat, Kibria Ayaan"]
[Black "Mohammad Ebrahimkhan Abri, Dorsa"]
[Result "0-1"]
[WhiteElo "1623"]
[BlackElo "2017"]
[PlyCount "118"]
[EventDate "2021.11.21"]
[EventType "team-tourn"]
[EventRounds "7"]
[EventCountry "NET"]
[SourceTitle "EXT 2023"]
[Source "ChessBase"]
[SourceDate "2022.10.05"]
[SourceVersion "1"]
[SourceVersionDate "2022.10.05"]
[SourceQuality "1"]
[WhiteTeam "Elegant Int CA"]
[BlackTeam "Pishgam Novin II"]
[WhiteTeamCountry "BAN"]
[BlackTeamCountry "IRI"]

1. e4 e6 2. d4 d5 3. exd5 exd5 4. Nf3 Nc6 5. Bd3 Bd6 6. 0-0 Nge7 7. c3 Bg4 8. Bg5 h6 9. Bh4 0-0 10. Nbd2 Qd7 11. Re1 Nf5 12. Qc2 Rae8 13. Bg3 Nxg3 14. fxg3 Rxe1+ 15. Rxe1 Re8 16. Rxe8+ Qxe8 17. Kf2 a6 18. Qb3 b5 19. Qxd5 Be6 20. Qe4 f5 21. Qe3 Qf7 22. b3 g5 23. Kg1 g4 24. Ne5 Bxe5 25. dxe5 Qg7 26. c4 Qxe5 27. Qxe5 Nxe5 28. Be2 Bd7 29. Kf2 Kg7 30. Ke3 c5 31. cxb5 axb5 32. a3 Kf6 33. Bf1 Bc6 34. b4 c4 35. Kd4 Ke6 36. a4 bxa4 37. Nxc4 Bb5 38. Kc5 a3 39. Nxa3 Bxf1 40. Nc2 Nd7+ 41. Kd4 Bxg2 42. b5 Bf1 43. Ke3 Nb6 44. Kd4 Bxb5 45. Kc5 Ba4 46. Nd4+ Ke5 47. Nxf5 Nd7+ 48. Kb4 Kxf5 49. Kxa4 Ne5 50. Kb4 Nf3 51. Kc3 Nxh2 52. Kd3 Nf1 53. Ke2 Nxg3+ 54. Kf2 Kf4 55. Kg2 h5 56. Kf2 h4 57. Kg2 Ne4 58. Kh2 Kf3 59. Kg1 g3 0-1

[Event "BAN-ch U20"]
[Site "Dhaka"]
[Date "2019.05.18"]
[Round "4"]
[White "Shadat, Kibria Ayaan"]
[Black "Nafimal, Karim"]
[Result "0-1"]
[WhiteElo "1321"]
[BlackElo "1685"]
[PlyCount "124"]
[EventDate "2019.05.15"]
[EventType "swiss"]
[EventRounds "8"]
[EventCountry "BAN"]
[SourceTitle "EXT 2020"]
[Source "ChessBase"]
[SourceDate "2019.10.17"]
[SourceVersion "1"]
[SourceVersionDate "2019.10.17"]
[SourceQuality "1"]

1. e4 e5 2. Nf3 Nc6 3. Bc4 Bc5 4. Nc3 Nf6 5. d3 d6 6. h3 h6 7. Be3 Bxe3 8. fxe3 Na5 9. Bb3 Nxb3 10. axb3 c6 11. Qe2 Qe7 12. 0-0 g5 13. d4 g4 14. hxg4 Nxg4 15. Nh2 h5 16. Qf3 Rh7 17. Nxg4 hxg4 18. Qf6 Bd7 19. Qxe7+ Kxe7 20. Kf2 a6 21. Rh1 Rah8 22. Rxh7 Rxh7 23. Ne2 f6 24. Ng3 Kf7 25. Rh1 Rxh1 26. Nxh1 Kg6 27. Kg3 Kg5 28. Nf2 exd4 29. exd4 d5 30. c3 a5 31. exd5 cxd5 32. Nd3 Kf5 33. Kf2 Bb5 34. Ke3 g3 35. Nf4 Bf1 36. Kf3 Bb5 37. Kxg3 Ke4 38. Nh5 Kd3 39. Nxf6 Kc2 40. Nxd5 Kxb3 41. Nb6 Kxb2 42. c4 Be8 43. c5 a4 44. Nxa4+ Bxa4 45. d5 Kc3 46. Kf4 Kd4 47. c6 b6 48. c7 Bd7 49. d6 Kd5 50. g4 Kxd6 51. g5 Kxc7 52. Ke5 Ba4 53. g6 Bb3 54. Kd4 Kc6 55. Kc3 Bg8 56. Kb4 b5 57. g7 Kb6 58. Ka3 Kc5 59. Kb2 Kb4 60. Kc2 Ka3 61. Kb1 b4 62. Ka1 b3 0-1

[Event "BAN-ch U20"]
[Site "Dhaka"]
[Date "2019.05.16"]
[Round "2"]
[White "Shadat, Kibria Ayaan"]
[Black "Mortuza Mahathir, Islam"]
[Result "1/2-1/2"]
[WhiteElo "1321"]
[BlackElo "1695"]
[PlyCount "91"]
[EventDate "2019.05.15"]
[EventType "swiss"]
[EventRounds "8"]
[EventCountry "BAN"]
[SourceTitle "EXT 2020"]
[Source "ChessBase"]
[SourceDate "2019.10.17"]
[SourceVersion "1"]
[SourceVersionDate "2019.10.17"]
[SourceQuality "1"]

1. e4 e6 2. d4 d5 3. e5 c5 4. Nf3 Nc6 5. Bb5 Qb6 6. Bxc6+ bxc6 7. 0-0 Ba6 8. Re1 cxd4 9. Nxd4 Bc5 10. c3 Ne7 11. b4 Bxd4 12. Qxd4 Qxd4 13. cxd4 Nf5 14. Be3 Rb8 15. a3 Bb5 16. Nd2 Ba4 17. g4 Nxe3 18. Rxe3 a5 19. Nb3 Bxb3 20. Rxb3 0-0 21. Rab1 axb4 22. Rxb4 Rxb4 23. Rxb4 Ra8 24. a4 h6 25. Kf1 Kh7 26. Ke2 Ra5 27. h4 Kg6 28. Ke3 h5 29. f3 c5 30. dxc5 Rxc5 31. Kd3 Ra5 32. Ke3 hxg4 33. Rxg4+ Kh6 34. Rf4 Kg6 35. Rg4+ Kh6 36. Rf4 d4+ 37. Kxd4 Rxa4+ 38. Ke3 Rxf4 39. Kxf4 Kh5 40. Kg3 f6 41. exf6 gxf6 42. f4 f5 43. Kh3 Kh6 44. Kg3 Kg6 45. Kf3 Kf6 46. Kg3 1/2-1/2